|
|
|
|
| LEADER |
01163nam a2200289 a 4500 |
| 001 |
16255828 |
| 003 |
BD-DhAAL |
| 005 |
20230709125409.0 |
| 008 |
130408s2010 ii b 001 0 eng d |
| 010 |
|
|
|a 2010318600
|
| 020 |
|
|
|a 9788125038337
|
| 020 |
|
|
|a 8125038337
|
| 040 |
|
|
|a DKAGE
|b eng
|c DKAGE
|d DLC
|d BD-DhAAL
|
| 082 |
0 |
4 |
|a 365.60954147
|2 22
|
| 100 |
1 |
|
|a Bandyopadhyay, Mahuya.
|9 54975
|
| 245 |
1 |
0 |
|a Everyday life in a prison :
|b confinement, surveillance, resistance /
|c Mahuya Bandyopadhyay.
|
| 260 |
|
|
|a New Delhi :
|b Orient BlackSwan,
|c 2010.
|
| 300 |
|
|
|a xvii, 332 pages ;
|c 23 cm.
|
| 504 |
|
|
|a Includes bibliographical references (p. [305]-324) and index.
|
| 541 |
|
|
|e 00026828
|
| 610 |
2 |
0 |
|a Alipore Jail (Calcutta, India)
|9 54976
|
| 650 |
|
0 |
|a Prisoners
|z India
|z Kolkata.
|9 54977
|
| 650 |
|
0 |
|a Prison administration
|z India
|z Kolkata.
|9 54978
|
| 852 |
1 |
|
|a Ayesha Abed Library
|c General shelf.
|
| 942 |
|
|
|2 ddc
|c BK
|
| 999 |
|
|
|c 13284
|d 13284
|
| 952 |
|
|
|0 0
|1 0
|2 ddc
|4 0
|6 365_609541470000000_BAN
|7 0
|9 22170
|a BIGD
|b BRACUL
|c GEN
|d 2023-07-09
|e Prothoma
|g 1690.00
|l 1
|o 365.60954147 BAN
|p 3050026828
|r 2025-08-17
|s 2025-08-10
|t 1
|w 2013-04-10
|y BK
|x Transferred from BDI to BIGD.
|